| 000 | 01241cam a2200241 4500 | ||
|---|---|---|---|
| 001 | ABS63733 | ||
| 008 | 000000n2001 000 0 eng u | ||
| 035 | _a(Sirsi) u111487 | ||
| 100 | _aCullingworth, R. | ||
| 245 | 4 | _aThe obligations of service providers to their landlords | |
| 260 | _c2001 | ||
| 490 |
_aAccess by Design _v(86) 20-22(3) |
||
| 520 | _aConsiders the relationship between landlords and tenants in the context of Pt III of the Disability Discrimination Act 1995 (DDA). Looks in particular at the issue which arises where a service provider is a tenant, of whether the landlord can require the tenant to make adjustments to the building, to ensure it is accessible. For every commercial lease contains a covenant requiring the tenant to comply with legislation that affects the leased premises. Notes that the answer is still not clear-cut, and sets out some of the issues that will need to be considered by the courts. | ||
| 590 | _aABS | ||
| 650 | _aDISABILITY DISCRIMINATION ACT 1995 PART III | ||
| 650 | _aSERVICE PROVIDERS | ||
| 650 | _aLANDLORDS | ||
| 650 | _aACCESSIBLE BUILDINGS | ||
| 650 | _aTENANTS OBLIGATIONS | ||
| 690 | _aLANDLORD AND TENANT-LEASES | ||
| 700 | _aWilliams, P.J.G | ||
| 942 | _n0 | ||
| 999 |
_c66432 _d66432 |
||